| 000 | 00000nam 2200000zi 4500 |
| 001 | 9.921934 |
| 003 | CaOODSP |
| 005 | 20250107144058 |
| 006 | m o d f |
| 007 | cr bn||||||||| |
| 008 | 230425t19791979onca os f000 0 eng d |
| 020 | |a0662106725 |q(print) |
| 040 | |aCaOODSP|beng|erda|cCaOODSP |
| 041 | 0 |aeng|beng|bfre |
| 043 | |an-cn--- |
| 045 | |ax6x7 |
| 086 | 1 |aEn42-1/3-79-4E-PDF |
| 086 | 1 |aEn43-3/79-4 |
| 245 | 00|aAnalysis and use of urban rainfall data in Canada / |cby Charles Howard & Associates Ltd., professional engineers for the Water Pollution Control Directorate, Environmental Protection Service, Environment Canada. |
| 264 | 1|a[Ottawa] : |bWater Pollution Control Directorate, Environmental Protection Service, Environment Canada, |c1979. |
| 264 | 4|c©1979 |
| 300 | |a1 online resource (v, 35 pages) : |billustrations. |
| 336 | |atext|btxt|2rdacontent |
| 337 | |acomputer|bc|2rdamedia |
| 338 | |aonline resource|bcr|2rdacarrier |
| 490 | 1 |a[Environmental Protection Service report series] |
| 500 | |a"Report no. EPS 3-WP-79-4." |
| 500 | |a"July 1979." |
| 500 | |aDigitized edition from print [produced by Environment and Climate Change Canada]. |
| 546 | |aIncludes abstracts in English and French. |
| 650 | 0|aRainstorms|zCanada|vStatistics. |
| 650 | 0|aRain and rainfall|zCanada|vStatistics. |
| 650 | 6|aTempêtes de pluie|zCanada|vStatistiques. |
| 650 | 6|aPluie|zCanada|vStatistiques. |
| 655 | 7|aStatistics|2lcgft |
| 655 | 7|aStatistiques|2rvmgf |
| 710 | 1 |aCanada. |bEnvironmental Protection Service, |eissuing body. |
| 710 | 1 |aCanada. |bWater Pollution Control Directorate, |eissuing body. |
| 710 | 2 |aCharles Howard & Associates, |econsultant. |
| 830 | #0|aEnvironmental Protection Service report series.|w(CaOODSP)9.866031 |
| 856 | 40|qPDF|s895 KB|uhttps://publications.gc.ca/collections/collection_2023/eccc/en42/En42-1-3-79-4-eng.pdf |